| 000 | 00510nam a2200181Ia 4500 | ||
|---|---|---|---|
| 008 | 170918s9999 xx 000 0 und d | ||
| 020 | _a553296981 | ||
| 050 | _bA613 1993 | ||
| 245 | _aAnne Frank : | ||
| 245 | _bthe diary of a young girl / | ||
| 245 | _ctranslated from the Dutch by B. M. Mooyaart-Doubleday ; with an introduction by Eleanor Roosevelt. | ||
| 260 | _aNew York : | ||
| 260 | _bBantam Books, | ||
| 260 | _c1993 | ||
| 300 | _a283 pages : | ||
| 300 | _billustrations ; | ||
| 300 | _c17cm. | ||
| 999 |
_c343499 _d343499 |
||